Building regulations (Record no. 113233)

MARC details
000 -LEADER
fixed length control field 01259cad a22001935a 4500
001 - CONTROL NUMBER
control field L154917
008 - FIXED-LENGTH DATA ELEMENTS--GENERAL INFORMATION
fixed length control field 120201s2011 xxk f 000 0 eng d
035 ## - SYSTEM CONTROL NUMBER
System control number (Sirsi) u154917
041 0# - LANGUAGE CODE
Language code of text/sound track or separate title eng
110 2# - MAIN ENTRY--CORPORATE NAME
Corporate name or jurisdiction name as entry element Wales
Subordinate unit Welsh Assembly Government
245 00 - TITLE STATEMENT
Title Building regulations
Medium [electronic resource]
260 ## - PUBLICATION, DISTRIBUTION, ETC.
Place of publication, distribution, etc. [S.l.]
Name of publisher, distributor, etc. Welsh Government
Date of publication, distribution, etc. 2011
520 ## - SUMMARY, ETC.
Summary, etc. Statement and guidance about the change from midnight on 31 December 2011 when remaining functions under the Building Act 1984 passed from the UK Government to the Welsh Ministers. This includes powers to make Building Regulations. The functions transferred are limited under The Welsh Ministers (Transfer of Functions) (No. 2) Order 2009 (S.I. 2009/3019). Documents and guidance that is current and in force up to 31 December 2011 and which had previously applied to England and Wales will continue to apply in Wales following transfer of powers. Building regulations, the approved documents.
590 ## - LOCAL NOTE (RLIN)
Local note KA
651 #4 - SUBJECT ADDED ENTRY--GEOGRAPHIC NAME
Geographic name Wales
Chronological subdivision 2007-
690 ## - LOCAL SUBJECT ADDED ENTRY--TOPICAL TERM (OCLC, RLIN)
Topical term or geographic name as entry element Building regulations
9 (RLIN) 6224
856 40 - ELECTRONIC LOCATION AND ACCESS
Uniform Resource Identifier <a href="https://wales.gov.uk/topics/planning/buildingregs/;jsessionid=QSrBPNKRMCqy75pzWS94b33rxt3pdH8gxYyGB28cgbTdvJVwRVgn!1534110569?lang=en">https://wales.gov.uk/topics/planning/buildingregs/;jsessionid=QSrBPNKRMCqy75pzWS94b33rxt3pdH8gxYyGB28cgbTdvJVwRVgn!1534110569?lang=en</a>
Public note View the web pages free of charge at wales.gov.uk
942 ## - ADDED ENTRY ELEMENTS (KOHA)
Suppress in OPAC 0
Holdings
Withdrawn status Lost status Source of classification or shelving scheme Damaged status Not for loan Home library Current library Shelving location Date acquired Total Checkouts Full call number Barcode Date last seen Copy number Price effective from Koha item type
    Dewey Decimal Classification     Virtual Virtual Online 01/02/2012   ONLINE PUBLICATION 154917-2001 06/08/2019 1 06/08/2019 Book